Mariano Marcos State University

University Library System

A Study on the drying storage characteristics and determination of the drying kinetics of banana blossom from musa paradisiaca (Record no. 9561)

MARC details
000 -LEADER
fixed length control field 00636nam a22001697a 4500
003 - CONTROL NUMBER IDENTIFIER
control field OSt
005 - DATE AND TIME OF LATEST TRANSACTION
control field 20171010095443.0
008 - FIXED-LENGTH DATA ELEMENTS--GENERAL INFORMATION
fixed length control field 120614t xxu||||| |||| 00| 0 eng d
040 ## - CATALOGING SOURCE
Original cataloging agency MMSU
Transcribing agency ULS
100 ## - MAIN ENTRY--PERSONAL NAME
Personal name Corpuz, Joanne Rose T.
9 (RLIN) 10317
245 ## - TITLE STATEMENT
Title A Study on the drying storage characteristics and determination of the drying kinetics of banana blossom from musa paradisiaca
Statement of responsibility, etc. Joanne Rose T. Corpuz
260 ## - PUBLICATION, DISTRIBUTION, ETC.
Date of publication, distribution, etc. 2006
300 ## - PHYSICAL DESCRIPTION
Extent x, 47 leaves
Dimensions 28 cm.
500 ## - GENERAL NOTE
General note Thesis (BS Chemical Engineering) -- Mariano Marcos State University-College of Engineering, Batac City
504 ## - BIBLIOGRAPHY, ETC. NOTE
Bibliography, etc. note Bibliography: leaves 36-37
942 ## - ADDED ENTRY ELEMENTS (KOHA)
Source of classification or shelving scheme
Koha item type Slide
Holdings
Withdrawn status Lost status Source of classification or shelving scheme Damaged status Not for loan Home library Current library Date acquired Total Checkouts Barcode Date last seen Price effective from Koha item type Public note
          REF REF 06/14/2012   3369-Un 10/10/2017 10/10/2017 Thesis/Dissertation Library Use only

© 2023 Mariano Marcos State University. All Rights Reserved.

Powered by Koha